Responses for Show #2242 - Tuesday, May 10, 1994

1994 College Championship semifinal game 2.

Contestants

[<< previous game]

Kristin Brewe, a senior from the University of Minnesota

Brooke Gallagher, a junior from the University of Maryland in Baltimore County

Dave Goldsmith, a senior from Colgate University

[next game >>]

Jeopardy! Round responses

ANIMALS
1993 ROCK
THEATRE HISTORY
FIRST LADIES
RELATIVES
LETTER PERFECT
    $100 1
a kangaroo

Dave
    $100 11
U2

Dave
    $100 22
Captain Hook

Kristin
    $100 21
Martha Washington

Brooke
    $100 16
your father

Dave
    $100 6
I

Brooke
    $200 2
an armadillo

Dave
    $200 12
The Rolling Stones

Brooke
    $200 23
William Tell

Dave
    $200 24
(Dave: Who is Nancy Reagan?)

Pat Nixon

Dave
Triple Stumper
    $200 17
granny

Brooke
    $200 7
(Alex: Yes, Toys [*] Us.)

R

Dave
    $300 3
(Brooke: What is a Gila monster?)

an iguana

DaveBrooke
    $300 13
MTV Unplugged

Dave
    $300 25
the Harlequin

Brooke
    $300 28
Jackie Kennedy Onassis

Brooke
    $300 18
an uncle

Dave
    $300 8
X

Dave
    $400 4
a monkey

Brooke
    $400 14
Mariah Carey

Dave
    $400 26
the Roundheads (Puritans)

Brooke
    $500 29
(Alex: Brooke?)
(Brooke: Who is Eleanor Roosevelt?)

Nancy Reagan

Brooke
    $400 19
(Brooke: What are first cousins once removed?)

second cousins

BrookeKristin
    $400 9
W

Brooke
    $500 5
the cottontail

Dave
    $500 15
Duets

Dave
    $500 27
the Old Vic

Kristin
    $500 30
Hillary Clinton

Dave
    $500 20
(Kristin: What is your [*] or nephew?)
[Alex said, "Right" and immediately reversed the decision.]

great niece

Kristin
Triple Stumper
    $500 10
N

Brooke

Scores at the first commercial break (after clue 15):

Dave Brooke Kristin
$2,900 $1,300 $0

Scores at the end of the Jeopardy! Round:

Dave Brooke Kristin
$3,800 $1,700 $500

Double Jeopardy! Round responses

COLONIAL AMERICA
GODS & GODDESSES
THE ELEMENTS
HOLIDAYS & OBSERVANCES
ARCHITECTURE
ISLANDS
    $200 24
have them powdered

Kristin
    $200 1
February

Brooke
    $200 7
mercury

Dave
    $200 11
St. Patrick's Day

Brooke
    $200 3
buttresses

Brooke
    $200 21
Easter Island

Dave
    $400 25
cornmeal

Brooke
    $400 2
love

Dave
    $400 8
chlorine

Dave
    $400 13
Christmas

Brooke
    $400 14
arches

Dave
    $400 22
the Falkland Islands (Malvinas)

Dave
    $600 28
Jamestown

Brooke
    $600 4
a rainbow

Kristin
    $600 9
silicon

Kristin
    $600 15
November 1st

Kristin
    $600 18
Portugal

Triple Stumper
    $600 23
(Dave: What is Prince Edward Island?)
...
(Alex: Prince Edward Island's on the east coast.)

Vancouver

DaveBrooke
    $800 29
indentured

Kristin
    $800 5
hummingbirds

Brooke
    $800 10
(Dave: What is krypton?)
(Brooke: Uh... [flails hand and makes a nose] What is nobelium?)
(Kristin: Uh... what is... Nb?)

neon

DaveBrookeKristin
Triple Stumper
    $1,000 16
Flag Day

Kristin
    $800 19
Angkor Wat

Kristin
    $500 26
(Brooke: I hate myself; what is [*]?)
(Alex: Why do you hate yourself?)
(Brooke: I should have bet it all.)
(Alex: Shoulda and coulda are two different things.)

Cyprus

Brooke
    $1000 30
trundle beds

Kristin
    $1000 6
Hades

Brooke
    $1000 12
(Kristin: What is nickel?)

iron

DaveKristin
    $1000 17
Guam

Dave
    $1000 20
[Alex said no for Kristin's alternate response and was immediately overruled.]

Hagia Sophia (Santa Sophia)

Kristin
    $1000 27
Garibaldi

Kristin

Scores at the end of the Double Jeopardy! Round:

Dave Brooke Kristin
$6,400 $5,800 $6,300

[wagering suggestions for these scores]

Final Jeopardy! Round responses

AMERICAN LITERATURE
(Alex: We can't accept that. It's [*] or [**].)
BrookeWhat is Walden?
$5,631
KristinWhat is Walden Pond?
$6,300
DaveWhat is Walden?
$6,300
Walden (Life in the Woods)

Final scores:

Dave Brooke Kristin
$12,700 $11,431 $0
Finalist 2nd place: $5,000 3rd place: $5,000

Game dynamics:

Coryat scores:

Dave Brooke Kristin
$6,400 $6,600 $6,100
22 R,
3 W
20 R
(including 1 DD),
4 W
(including 1 DD)
13 R
(including 1 DD),
3 W

Combined Coryat: $19,100

[game clues] [game scores] [suggest correction]

Game tape date: 1994-02-28
The J! Archive is created by fans, for fans. Scraping, republication, monetization, and malicious use prohibited; this site may use cookies and collect identifying information. See terms. The Jeopardy! game show and all elements thereof, including but not limited to copyright and trademark thereto, are the property of Jeopardy Productions, Inc. and are protected under law. This website is not affiliated with, sponsored by, or operated by Jeopardy Productions, Inc. Join the discussion at JBoard.tv.